Playback : from the Victrola to MP3, 100 years of music, machines, and money /

Bibliographic Details
Main Author: Coleman, Mark, 1957-
Format: Book
Language:English
Published: New York : Da Capo Press, [2003]
Subjects:

MARC

Tag First Indicator Second Indicator Subfields
LEADER 00000pam a22000004a 4500
001 in00001814821
005 20151025211119.0
008 031113s2003 nyua b 001 0 eng
010 |a  2003024998 
020 |a 0306809842 (hardcover : alk. paper) 
035 |a (OCoLC)ocm53458990 
040 |a DLC  |c DLC  |d YDX  |d TXA  |d UtOrBLW 
042 |a pcc 
049 |a TXAM 
050 0 0 |a ML3790  |b .C65 2003 
082 0 0 |a 621.389/3/09  |2 22 
100 1 |a Coleman, Mark,  |d 1957- 
245 1 0 |a Playback :  |b from the Victrola to MP3, 100 years of music, machines, and money /  |c Mark Coleman. 
264 1 |a New York :  |b Da Capo Press,  |c [2003] 
264 4 |c ©2003 
300 |a xxv, 237 pages :  |b illustrations ;  |c 20 cm. 
336 |a text  |b txt  |2 rdacontent 
337 |a unmediated  |b n  |2 rdamedia 
338 |a volume  |b nc  |2 rdacarrier 
504 |a Includes bibliographical references (pages 209-221) and index. 
505 0 |a Magic in a tin can -- War on canned music -- Low road to high fidelity -- Ponytail ribbons, popsicles and peanut brittle -- Dreaming in stereo -- Last dance -- Adventures on the wheels of steel -- Sudden death of the record -- Canned music's last stand. 
650 0 |a Sound recording industry  |x History. 
650 0 |a Music and technology. 
948 |a cataloged  |b h  |c 2004/2/6  |d c  |e jgreene  |f 5:09:32 pm 
994 |a E0  |b TXA 
999 |a MARS 
999 f f |s d314a624-e165-3f93-933d-4eda50d81256  |i dafc57e4-7818-3e1c-9fff-cbb92503cf2e  |t 0 
952 f f |p ric  |a Texas A&M University  |b Rellis Campus  |c Joint Library Facility  |d Remote Storage  |t 0  |e ML3790 .C65 2003  |h Library of Congress classification  |i unmediated -- volume  |m A14831200800 
998 f f |a ML3790 .C65 2003  |t 0  |l Remote Storage